General chemistry

Salvato in:
Dettagli Bibliografici
Autore principale: Timm, John Arrend
Natura: Libro
Lingua:Undetermined
Pubblicazione: New York McGraw-Hill 1966
Soggetti:
Tags: Aggiungi Tag
Nessun Tag, puoi essere il primo ad aggiungerne! !
Thư viện lưu trữ: Trung tâm Học liệu Trường Đại học Cần Thơ
LEADER 00453nam a2200181Ia 4500
001 CTU_2759
008 210402s9999 xx 000 0 und d
082 |a 541 
082 |b T584 
100 |a Timm, John Arrend 
245 0 |a General chemistry 
245 0 |c John Arrend Timm 
260 |a New York 
260 |b McGraw-Hill 
260 |c 1966 
650 |a Chemistry 
904 |i Minh, Hải 
980 |a Trung tâm Học liệu Trường Đại học Cần Thơ